000 00289nam a2200121Ia 4500
008 140130s9999 xx 000 0 und d
245 _cRoop, Peter
_aIf you live with the cherokee
260 _bScholastic,
440 _v1
521 _aGrade 4 - Grade 7
942 _cBK
999 _c41156
_d41156